|
|
|
|
| LEADER |
00000nam0a2200000 4500 |
| 001 |
68292 |
| 005 |
20231101212356.0 |
| 010 |
|
|
|a 5318007120
|
| 035 |
|
|
|a (RuTPU)RU\TPU\book\72714
|
| 090 |
|
|
|a 68292
|
| 100 |
|
|
|a 20041004d2004 m y0rusy50 ca
|
| 101 |
1 |
|
|a rus
|c eng
|
| 102 |
|
|
|a RU
|
| 105 |
|
|
|a a z 001zy
|
| 200 |
1 |
|
|a Управление стрессом
|e пер. с англ.
|f Дж. Гринберг
|
| 205 |
|
|
|a 7-е изд.
|
| 210 |
|
|
|a СПб.
|c Питер
|d 2004
|
| 215 |
|
|
|a 496 с.
|c ил.
|
| 225 |
1 |
|
|a Мастера психологии
|
| 320 |
|
|
|a Библиография в конце глав.
|
| 606 |
1 |
|
|a Стресс
|x Психология
|2 stltpush
|3 (RuTPU)RU\TPU\subj\57217
|9 75080
|
| 610 |
1 |
|
|a эмоции
|
| 610 |
1 |
|
|a эмоциональные процессы
|
| 610 |
1 |
|
|a эмоциональные срывы
|
| 610 |
1 |
|
|a психофизиология
|
| 610 |
1 |
|
|a болезни
|
| 610 |
1 |
|
|a восприятие
|
| 610 |
1 |
|
|a жизненные ситуации
|
| 610 |
1 |
|
|a жизненные кризисы
|
| 610 |
1 |
|
|a вмешательства
|
| 610 |
1 |
|
|a регуляция
|
| 610 |
1 |
|
|a духовность
|
| 610 |
1 |
|
|a здоровье
|
| 610 |
1 |
|
|a медитация
|
| 610 |
1 |
|
|a аутогенная тренировка
|
| 610 |
1 |
|
|a релаксация
|
| 610 |
1 |
|
|a техники
|
| 610 |
1 |
|
|a физические упражнения
|
| 610 |
1 |
|
|a профессиональная деятельность
|
| 610 |
1 |
|
|a студенты
|
| 610 |
1 |
|
|a семейные отношения
|
| 610 |
1 |
|
|a пожилые люди
|
| 686 |
|
|
|a Ю935.2
|v LBC/SL-A
|2 rubbk
|
| 700 |
|
1 |
|a Гринберг
|b Дж.
|g Джеррольд
|
| 801 |
|
1 |
|a RU
|b 63413507
|c 20041004
|g PSBO
|
| 801 |
|
2 |
|a RU
|b 63413507
|c 20220408
|g PSBO
|
| 942 |
|
|
|c BK
|
| 959 |
|
|
|a 119/20040924
|d 1
|e 120
|f ЧЗГЛ:1
|